Textbook Of Engineering Thermodynamics (SI Units) (Record no. 222055)
[ view plain ]
| 000 -LEADER | |
|---|---|
| fixed length control field | 00509nam a2200181Ia 4500 |
| 008 - FIXED-LENGTH DATA ELEMENTS--GENERAL INFORMATION | |
| fixed length control field | 230714s9999 xx 000 0 und d |
| 020 ## - INTERNATIONAL STANDARD BOOK NUMBER | |
| International Standard Book Number | 9790000000000 |
| 041 ## - LANGUAGE CODE | |
| Language code of text/sound track or separate title | eng |
| 082 ## - DEWEY DECIMAL CLASSIFICATION NUMBER | |
| Classification number | 621.402'1 |
| Item number | RAJ |
| 100 ## - MAIN ENTRY--PERSONAL NAME | |
| Personal name | Rajput R.K. |
| 9 (RLIN) | 137180 |
| 245 ## - TITLE STATEMENT | |
| Title | Textbook Of Engineering Thermodynamics (SI Units) |
| 250 ## - EDITION STATEMENT | |
| Edition statement | 5th ed. |
| 260 ## - PUBLICATION, DISTRIBUTION, ETC. (IMPRINT) | |
| Date of publication, distribution, etc. | 2017 |
| Name of publisher, distributor, etc. | Laxmi Pubications |
| 300 ## - PHYSICAL DESCRIPTION | |
| Extent | 959 |
| 365 ## - TRADE PRICE | |
| Currency code | Rs. |
| Price amount | 825.00 |
| 700 ## - ADDED ENTRY--PERSONAL NAME | |
| Personal name | Rajput R.K. |
| 9 (RLIN) | 137180 |
| 906 ## - LOCAL DATA ELEMENT F, LDF (RLIN) | |
| d | O:0580926-Dec-2017B:SE/SI/461213-Dec-2017 |
| c | SM |
| b | 1485 |
No items available.